Państwa Europy- dwie pierwsze litery. - Statystyki

Ogólne statystyki
  • Ten quiz został rozwiązany 45 853 razy
  • Średni wynik to 38 z 46
Statystyki odpowiedzi
Odpowiedź % Poprawnych
Polska
99%
Portugalia
99%
Liechtenstein
93%
Litwa
93%
Czarnogóra
91%
Czechy
91%
Hiszpania
91%
Rosja
91%
Szwajcaria
91%
Szwecja
91%
Niemcy
90%
Francja
89%
Łotwa
88%
Andora
87%
Słowacja
87%
Słowenia
87%
Finlandia
86%
Norwegia
86%
Belgia
85%
Białoruś
85%
Wielka Brytania
85%
Ukraina
84%
Albania
83%
Estonia
83%
Włochy
82%
Macedonia
81%
Malta
81%
Mołdawia
81%
Monako
81%
Grecja
80%
Holandia
80%
Chorwacja
79%
Watykan
79%
Dania
78%
Irlandia
78%
Bośnia i Hercegowina
76%
Austria
75%
Bułgaria
74%
Węgry
74%
Rumunia
73%
Islandia
72%
Luksemburg
72%
Serbia
71%
Kosowo
70%
San Marino
70%
Turcja
59%
Nie znaleziono quizów pasujących do podanych kryteriów
Rozkład punktacji
Procent ludzi z każdym wynikiem
Percentyl według liczby udzielonych odpowiedzi
Twoja historia wyników
Nie rozwiązałeś tego quizu